00499nam a2200109Ia 4500008004100000050002400041100002700065245017100092260008600263300003300349521000700382140724s9999 xx 000 0 und d aLB 1576b.In58 2014 aInocalla, Jhoseplex M. a"Welcome to SISC: the communication and multimedia arts experience" :ba visual novel promoting it as an effective storytelling media output /cJhoseplex M. Inocalla. aLas Piñas, Philippines :bSouthville International School and Colleges,cc2014. a51 p. :bcol. Ill. ;c28 cm. aMA